000 00286nam a2200133Ia 4500
008 190216s9999||||xx |||||||||||||| ||und||
100 _aHanda. M
245 0 _aPhysics For Gate
250 _a1st Ed.
260 _bSatya Prakasan
300 _a416
650 _aPhysics
942 _cREF
999 _c36204
_d36204